2021 NFL Starting QBs By Picture - Statistics

General Stats
  • This quiz has been taken 643 times
  • The average score is 30 of 32
Answer Stats
Picture Answer % Correct
Aaron Rodgers
100%
Tom Brady
100%
Dak Prescott
99%
Joe Burrow
99%
Josh Allen
99%
Lamar Jackson
99%
Patrick Mahomes II
99%
Justin Herbert
98%
Matthew Stafford
98%
Russell Wilson
98%
Zach Wilson
98%
Kirk Cousins
97%
Trevor Lawrence
97%
Daniel Jones
96%
Derek Carr
96%
Jared Goff
96%
Kyler Murray
96%
Mac Jones
96%
Tua Tagovailoa
96%
Ben Roethlisberger
95%
Matt Ryan
95%
Baker Mayfield
94%
Justin Fields
94%
Jimmy Garoppolo
93%
Ryan Tannehill
93%
Jalen Hurts
92%
Jameis Winston
89%
Sam Darnold
83%
Carson Wentz
82%
Teddy Bridgewater
78%
Davis Mills
77%
Taylor Heinicke
68%
No matching quizzes found
Score Distribution
Percent of People with Each Score
Percentile by Number Answered
Your Score History
You have not taken this quiz